| 000 -LEADER |
| fixed length control field |
01671cam a2200433 a 4500 |
| 001 - CONTROL NUMBER |
| control field |
13482482 |
| 003 - CONTROL NUMBER IDENTIFIER |
| control field |
NUST |
| 005 - DATE AND TIME OF LATEST TRANSACTION |
| control field |
20220509141403.0 |
| 008 - FIXED-LENGTH DATA ELEMENTS--GENERAL INFORMATION |
| fixed length control field |
040127s2003 ii a b 000 0 eng |
| 010 ## - LIBRARY OF CONGRESS CONTROL NUMBER |
| LC control number |
2003318167 |
| 020 ## - INTERNATIONAL STANDARD BOOK NUMBER |
| International Standard Book Number |
8129100576 |
| 025 ## - OVERSEAS ACQUISITION NUMBER |
| Overseas acquisition number |
I-E-2003-318167; 25 |
| 035 ## - SYSTEM CONTROL NUMBER |
| System control number |
(DLC) 2003318167 |
| 037 ## - SOURCE OF ACQUISITION |
| Source of stock number/acquisition |
Library of Congress -- New Delhi Overseas Office |
| Terms of availability |
Rs695.00 |
| 038 ## - RECORD CONTENT LICENSOR |
| Staff Name |
Arshad |
| 040 ## - CATALOGING SOURCE |
| Original cataloging agency |
DLC |
| Transcribing agency |
DLC |
| 041 1# - LANGUAGE CODE |
| Language code of text/sound track or separate title |
eng |
| -- |
per |
| -- |
urd |
| Language code of original |
urd |
| 042 ## - AUTHENTICATION CODE |
| Authentication code |
lcode |
| 050 00 - LIBRARY OF CONGRESS CALL NUMBER |
| Classification number |
PK2198.G4 |
| Item number |
Z48 2003 |
| 082 ## - DEWEY DECIMAL CLASSIFICATION NUMBER |
| Classification number |
891.4391 |
| Author Mark |
GHA |
| 100 1# - MAIN ENTRY--PERSONAL NAME |
| Personal name |
Ghalib, Mirza Asadullah Khan, |
| Dates associated with a name |
1797-1869. |
| 9 (RLIN) |
3145 |
| 240 10 - UNIFORM TITLE |
| Uniform title |
Correspondence. |
| Form subheading |
Selections. |
| Language of a work |
Polyglot |
| 245 10 - TITLE STATEMENT |
| Title |
Mirza Ghalib and the Mirs of Gujarat / |
| Statement of responsibility, etc. |
Mir Jaffar Imam. |
| 260 ## - PUBLICATION, DISTRIBUTION, ETC. |
| Place of publication, distribution, etc. |
New Delhi : |
| Name of publisher, distributor, etc. |
Rupa & Co., |
| Date of publication, distribution, etc. |
2003. |
| 300 ## - PHYSICAL DESCRIPTION |
| Extent |
xviii, 259 p. : |
| Other physical details |
ill. ; |
| Dimensions |
23 cm. |
| 504 ## - BIBLIOGRAPHY, ETC. NOTE |
| Bibliography, etc. note |
Includes bibliographical references (p. [251]-255). |
| 520 ## - SUMMARY, ETC. |
| Summary, etc. |
Selected letters reflecting the relationship between Mirza Ghalib and the Mirs of Gujarat, their bacground, achievements, and strengths as individuals and as rulers. |
| 546 ## - LANGUAGE NOTE |
| Language note |
English, Persian, and Urdu |
| Information code or alphabet |
(Persian and Urdu in roman and Arabic). |
| 563 ## - BINDING INFORMATION |
| Binding note |
HBK |
| 600 10 - SUBJECT ADDED ENTRY--PERSONAL NAME |
| Personal name |
Ghalib, Mirza Asadullah Khan, |
| Dates associated with a name |
1797-1869. |
| Form subdivision |
Correspondence. |
| 9 (RLIN) |
3146 |
| 650 #0 - SUBJECT ADDED ENTRY--TOPICAL TERM |
| Topical term or geographic name entry element |
Poets, Urdu |
| Chronological subdivision |
19th century |
| Form subdivision |
Correspondence. |
| 9 (RLIN) |
3581 |
| 650 #0 - SUBJECT ADDED ENTRY--TOPICAL TERM |
| Topical term or geographic name entry element |
Poets, Persian |
| Chronological subdivision |
19th century |
| Form subdivision |
Correspondence. |
| 9 (RLIN) |
3582 |
| 651 #0 - SUBJECT ADDED ENTRY--GEOGRAPHIC NAME |
| Geographic name |
Gujarat (India) |
| General subdivision |
Kings and rulers. |
| 9 (RLIN) |
3583 |
| 651 #0 - SUBJECT ADDED ENTRY--GEOGRAPHIC NAME |
| Geographic name |
Gujarat (India) |
| General subdivision |
History. |
| 9 (RLIN) |
3584 |
| 700 1# - ADDED ENTRY--PERSONAL NAME |
| Personal name |
Imam, Mir Jaffar. |
| 9 (RLIN) |
3585 |
| 906 ## - LOCAL DATA ELEMENT F, LDF (RLIN) |
| a |
7 |
| b |
cbc |
| c |
origode |
| d |
3 |
| e |
ncip |
| f |
20 |
| g |
y-gencatlg |
| 942 ## - ADDED ENTRY ELEMENTS (KOHA) |
| Source of classification or shelving scheme |
|
| Koha item type |
Book |